00553nam a2200145Ia 4500008004100000024004800041082001900089100006500108245002400173260002600197600002700223650003300250856010700283999001700390260210s9999 xx 000 0 und d a16B-013-EL, 16B-022,EL & 16B-043-EL a003.881092 SHA aShahbaz Abdul Aziz, Syed Daniyal Hasan & M. Sohaib Roomi 0aIoT Based Generator aKarachi:bUITU,c2016 aElectronic Engineering aBachelor of Engineering (BE) uhttps://drive.google.com/file/d/10v8laVtwsP-wmyvt2Lq04MByElXIYVXk/view?usp=sharingyClick here for PDF c33269d33269